[Event "Montreal Mercredi 04"]
[Site "Montreal CAN"]
[Date "2007.04.18"]
[Round "3"]
[White "Chesnut, Walter"]
[Black "Berthiaume, Yves"]
[Result "1-0"]
[WhiteElo "1488"]
[BlackElo "1344"]
[PlyCount "123"]
[GameId "2160767910701415"]
[EventDate "2007.04.04"]
[EventType "swiss"]
[EventRounds "5"]
[EventCountry "CAN"]
[SourceTitle "EXT 2022"]
[Source "ChessBase"]
[SourceDate "2021.10.06"]
[SourceVersion "1"]
[SourceVersionDate "2021.10.06"]
[SourceQuality "1"]

1. d4 d5 2. c4 c6 3. Nf3 Nf6 4. cxd5 cxd5 5. Nc3 e6 6. Bg5 Nc6 7. e3 a6 8. Bd3 Be7 9. O-O b5 10. Rc1 Bb7 11. Qe2 O-O 12. Nd2 Na5 13. f4 Nc4 14. Nf3 Nd6 15. Ne5 Nde4 16. Bb1 Nd7 17. Nxe4 dxe4 18. Bxe7 Qxe7 19. Rc7 Bd5 20. Rxd7 Qh4 21. Qg4 Qf6 22. Qg5 Rac8 23. Qxf6 gxf6 24. Ng4 Kg7 25. Nf2 f5 26. Ra7 Ra8 27. Rxa8 Rxa8 28. Rc1 Bb7 29. Rc7 Rb8 30. a3 Bd5 31. Nd1 b4 32. axb4 Rxb4 33. Rc2 Bb3 34. Rd2 Bxd1 35. Rxd1 Rxb2 36. Kf1 a5 37. Rc1 a4 38. Ke1 a3 39. Bc2 a2 40. Kd1 Rb5 41. Ra1 Ra5 42. Kc1 Ra3 43. Kd2 Kf6 44. h3 h5 45. Bd1 h4 46. Be2 Ke7 47. Bc4 Kd6 48. Rxa2 Rxa2+ 49. Bxa2 f6 50. Ke2 e5 51. d5 exf4 52. exf4 Ke7 53. Ke3 Kd7 54. Kd4 Kd6 55. Bc4 Kd7 56. Kc5 Kc7 57. Bb5 e3 58. d6+ Kb7 59. Kd5 Kb6 60. Be2 Kb7 61. Ke6 Kc8 62. Ke7 1-0

[Event "Montreal Mercredi 04"]
[Site "Montreal CAN"]
[Date "2007.04.18"]
[Round "3"]
[White "Daoud, Michel"]
[Black "Neumark-Gaudet, Zev"]
[Result "1-0"]
[WhiteElo "1422"]
[BlackElo "1480"]
[PlyCount "79"]
[GameId "2160767910701416"]
[EventDate "2007.04.04"]
[EventType "swiss"]
[EventRounds "5"]
[EventCountry "CAN"]
[SourceTitle "EXT 2022"]
[Source "ChessBase"]
[SourceDate "2021.10.06"]
[SourceVersion "1"]
[SourceVersionDate "2021.10.06"]
[SourceQuality "1"]

1. e4 d5 2. exd5 Qxd5 3. Nc3 Qa5 4. Nf3 Nf6 5. Bc4 Bg4 6. d3 c6 7. Bd2 e6 8. h3 Bh5 9. Qe2 Qb6 10. O-O-O Nbd7 11. g4 Bg6 12. Rde1 O-O-O 13. Be3 Qc7 14. Bxa7 b5 15. Bxb5 Qxa7 16. Bxc6 Qb6 17. Nb5 Bc5 18. Bxd7+ Rxd7 19. d4 Bd6 20. Qc4+ Kb8 21. Ne5 Bxe5 22. Rxe5 Nd5 23. Qb3 Rc8 24. c4 Rb7 25. a4 Qc6 26. c5 Nc7 27. Rhe1 Nxb5 28. axb5 Rxb5 29. Qc4 Rc7 30. f4 Qa6 31. f5 Qa1+ 32. Kd2 Rxb2+ 33. Kd3 Qa3+ 34. Ke4 exf5+ 35. gxf5 Qa8+ 36. Qd5 Qxd5+ 37. Kxd5 Bh5 38. Kd6 Rbb7 39. Re8+ Rc8 40. Rxc8+ 1-0

[Event "Montreal Mercredi 04"]
[Site "Montreal CAN"]
[Date "2007.04.18"]
[Round "3"]
[White "Frangulian, Eric"]
[Black "Matheson, Ben"]
[Result "1-0"]
[WhiteElo "1522"]
[BlackElo "1514"]
[PlyCount "35"]
[GameId "2160767910701417"]
[EventDate "2007.04.04"]
[EventType "swiss"]
[EventRounds "5"]
[EventCountry "CAN"]
[SourceTitle "EXT 2022"]
[Source "ChessBase"]
[SourceDate "2021.10.06"]
[SourceVersion "1"]
[SourceVersionDate "2021.10.06"]
[SourceQuality "1"]

1. e4 d6 2. d4 Nf6 3. Nc3 g6 4. Nf3 Bg7 5. Be2 O-O 6. O-O Nc6 7. Bf4 Nh5 8. Be3 e5 9. dxe5 Nxe5 10. Nxe5 Bxe5 11. Bxh5 Bxh2+ 12. Kxh2 Qh4+ 13. Kg1 gxh5 14. Qd2 Kh8 15. Bg5 Qg4 16. Bf6+ Kg8 17. f3 Qg3 18. Nd5 1-0

[Event "Montreal Mercredi 04"]
[Site "Montreal CAN"]
[Date "2007.04.18"]
[Round "3"]
[White "Pregent, Daniel"]
[Black "Katch, Gary"]
[Result "1-0"]
[WhiteElo "1819"]
[BlackElo "1741"]
[PlyCount "51"]
[GameId "2160767910701420"]
[EventDate "2007.04.04"]
[EventType "swiss"]
[EventRounds "5"]
[EventCountry "CAN"]
[SourceTitle "EXT 2022"]
[Source "ChessBase"]
[SourceDate "2021.10.06"]
[SourceVersion "1"]
[SourceVersionDate "2021.10.06"]
[SourceQuality "1"]

1. d4 Nf6 2. Nf3 d5 3. c4 e6 4. Nc3 b6 5. cxd5 Nxd5 6. e4 Nxc3 7. bxc3 Bb7 8. Bd3 c5 9. O-O Be7 10. Qe2 O-O 11. Rd1 Re8 12. e5 Qc7 13. Be3 Nc6 14. Rac1 Na5 15. Ng5 g6 16. Ne4 Bxe4 17. Bxe4 Rac8 18. Bh6 Red8 19. h3 Rd7 20. Qg4 Qd8 21. d5 exd5 22. Bxd5 Rcc7 23. c4 b5 24. e6 Rd6 25. exf7+ Kh8 26. Bf4 1-0

[Event "Montreal Mercredi 04"]
[Site "Montreal CAN"]
[Date "2007.04.18"]
[Round "3"]
[White "Rohani, Farzan"]
[Black "Levesque, Philippe"]
[Result "1-0"]
[WhiteElo "1430"]
[BlackElo "1377"]
[PlyCount "123"]
[GameId "2160767910701421"]
[EventDate "2007.04.04"]
[EventType "swiss"]
[EventRounds "5"]
[EventCountry "CAN"]
[SourceTitle "EXT 2022"]
[Source "ChessBase"]
[SourceDate "2021.10.06"]
[SourceVersion "1"]
[SourceVersionDate "2021.10.06"]
[SourceQuality "1"]

1. e4 e5 2. Nc3 Nc6 3. f4 exf4 4. Nf3 d6 5. Bc4 Be7 6. d4 Bh4+ 7. Ke2 Bg4 8. Bxf4 Qe7 9. Qd3 Nb4 10. Qd2 Nf6 11. e5 dxe5 12. Bxe5 Nd7 13. Qf4 Bxf3+ 14. Kxf3 Nxc2 15. Nd5 Nxe5+ 16. dxe5 Bg5 17. Qf5 Nd4+ 18. Kg4 h5+ 19. Kh3 Nxf5 20. Nxe7 Bxe7 21. Rhf1 g6 22. Rae1 Rf8 23. e6 fxe6 24. Rxe6 O-O-O 25. Rxf5 gxf5 26. Rxe7 Rde8 27. Rh7 Re3+ 28. g3 f4 29. Rxh5 f3 30. Rh4 f2 31. Kg2 Ref3 32. Bf1 R3f5 33. Re4 Rh5 34. Re2 Rfh8 35. h4 Rf8 36. Rxf2 Rxf2+ 37. Kxf2 Kd7 38. Be2 Rh6 39. Kf3 Ke6 40. Kg4 Rg6+ 41. Kh3 Ke5 42. g4 Kf4 43. h5 Re6 44. Bd1 Re1 45. Bc2 Rg1 46. Bf5 Rh1+ 47. Kg2 Rxh5 48. gxh5 Kxf5 49. Kf3 Kg5 50. Ke4 Kxh5 51. Kd5 Kg5 52. Ke6 Kf4 53. Kd7 c5 54. Kc7 b6 55. Kb7 Ke4 56. Kxa7 Kd4 57. Kxb6 Kc4 58. a4 Kb4 59. a5 c4 60. a6 Kb3 61. a7 Kxb2 62. a8=Q 1-0

[Event "Montreal Mercredi 04"]
[Site "Montreal CAN"]
[Date "2007.04.18"]
[Round "3"]
[White "Savard, Alain"]
[Black "Gauthier, Luc"]
[Result "1/2-1/2"]
[WhiteElo "1659"]
[BlackElo "1556"]
[PlyCount "99"]
[GameId "2160767910701422"]
[EventDate "2007.04.04"]
[EventType "swiss"]
[EventRounds "5"]
[EventCountry "CAN"]
[SourceTitle "EXT 2022"]
[Source "ChessBase"]
[SourceDate "2021.10.06"]
[SourceVersion "1"]
[SourceVersionDate "2021.10.06"]
[SourceQuality "1"]

1. d4 f5 2. g3 Nf6 3. Bg2 e6 4. Nh3 Be7 5. O-O O-O 6. c4 d6 7. Nc3 a5 8. Qb3 Nc6 9. Nf4 Nxd4 10. Qd1 Nc6 11. e4 e5 12. Nfd5 fxe4 13. Ne3 Nd4 14. Nxe4 Nxe4 15. Bxe4 c6 16. Qh5 h6 17. Qg6 Rf6 18. Qh7+ Kf7 19. f4 exf4 20. Nc2 Nxc2 21. Bxc2 Bh3 22. Rxf4 Qb6+ 23. Kh1 Rxf4 24. Qg6+ Kf8 25. Bxf4 Qf2 26. Be4 Rd8 27. Bxh6 Bf6 28. Qh5 Bf1 29. Qf3 Qxf3+ 30. Bxf3 Bxc4 31. Bd2 d5 32. Bxa5 Ra8 33. Bb4+ Be7 34. Bxe7+ Kxe7 35. b3 Bd3 36. Rd1 Bg6 37. Re1+ Kf7 38. Re2 Re8 39. Rf2 Re1+ 40. Kg2 Ke7 41. Re2+ Rxe2+ 42. Bxe2 Bc2 43. Kf3 Kf6 44. Ke3 Ke5 45. Kd2 Be4 46. b4 b5 47. Bd3 Kd4 48. Be2 Ke5 49. Bd3 Kd4 50. Be2 1/2-1/2

[Event "Montreal Mercredi 04"]
[Site "Montreal CAN"]
[Date "2007.04.18"]
[Round "3"]
[White "Tong, Tan Guang"]
[Black "Bergeron, Rene"]
[Result "0-1"]
[WhiteElo "1519"]
[BlackElo "1529"]
[PlyCount "130"]
[GameId "2160767910701423"]
[EventDate "2007.04.04"]
[EventType "swiss"]
[EventRounds "5"]
[EventCountry "CAN"]
[SourceTitle "EXT 2022"]
[Source "ChessBase"]
[SourceDate "2021.10.06"]
[SourceVersion "1"]
[SourceVersionDate "2021.10.06"]
[SourceQuality "1"]

1. e4 d5 2. exd5 Qxd5 3. Nc3 Qd6 4. Nf3 Bg4 5. h3 Bh5 6. d3 e5 7. Be2 a6 8. O-O Nc6 9. Ne4 Qe6 10. Nfg5 Bxe2 11. Nxe6 Bxd1 12. Nxc7+ Kd7 13. Nxa8 Bxc2 14. Nb6+ Kc7 15. Nd5+ Kb8 16. Re1 Bxd3 17. Nec3 f6 18. f4 Nh6 19. fxe5 Nxe5 20. Bf4 Bc5+ 21. Be3 Bxe3+ 22. Nxe3 Nhf7 23. Ncd5 Bb5 24. a4 Bc6 25. Ne7 Bd7 26. Red1 Re8 27. N7f5 g6 28. Nd6 Nxd6 29. Rxd6 f5 30. b3 Bc6 31. Rad1 Ka7 32. Nc2 Nf7 33. R6d2 Ng5 34. Nb4 Be4 35. Nd5 Rc8 36. Nf6 Bc6 37. h4 Ne4 38. Nxe4 fxe4 39. Kf2 Rf8+ 40. Ke3 Rf5 41. Rd8 Rh5 42. g3 Rf5 43. Rh8 Rf3+ 44. Kd4 h5 45. Rg1 Rxb3 46. Rg8 Rd3+ 47. Ke5 e3 48. Re1 e2 49. Rxe2 Rxg3 50. Kf6 Rg4 51. Rxg6 Rxh4 52. Kg5 Rxa4 53. Kxh5 Bf3+ 54. Kg5 Bxe2 55. Kf6 Rc4 56. Ke5 Rc6 57. Rg2 Bb5 58. Kd4 Kb6 59. Rh2 a5 60. Ke3 a4 61. Kd2 Ka5 62. Kd1 Ba6 63. Kd2 b5 64. Kd1 b4 65. Kd2 a3 0-1

[Event "Montreal Mercredi 04"]
[Site "Montreal CAN"]
[Date "2007.04.25"]
[Round "4"]
[White "Frangulian, Eric"]
[Black "Tong, Tan Guang"]
[Result "1-0"]
[WhiteElo "1522"]
[BlackElo "1519"]
[PlyCount "153"]
[GameId "2160767910701425"]
[EventDate "2007.04.04"]
[EventType "swiss"]
[EventRounds "5"]
[EventCountry "CAN"]
[SourceTitle "EXT 2022"]
[Source "ChessBase"]
[SourceDate "2021.10.06"]
[SourceVersion "1"]
[SourceVersionDate "2021.10.06"]
[SourceQuality "1"]

1. e4 e5 2. Nf3 Nc6 3. d4 exd4 4. Nxd4 Nf6 5. Nxc6 bxc6 6. e5 Qe7 7. Qe2 Nd5 8. c4 Ba6 9. g3 Qb4+ 10. Qd2 Bxc4 11. Qxb4 Bxb4+ 12. Bd2 Bxf1 13. Kxf1 Rb8 14. b3 O-O 15. Kg2 Rfe8 16. Bxb4 Nxb4 17. Nc3 Rxe5 18. Rhd1 d6 19. a3 Nd5 20. Nxd5 Rxd5 21. Re1 Kf8 22. Re3 Re8 23. Rc3 c5 24. b4 Ree5 25. b5 Ke7 26. a4 Kd7 27. a5 c4 28. b6 cxb6 29. axb6 axb6 30. Ra7+ Ke6 31. Rxc4 Rc5 32. Rf4 Rf5 33. Re4+ Rce5 34. Rxe5+ Kxe5 35. Rb7 d5 36. Rxb6 d4 37. f3 Rf6 38. Rb5+ Kd6 39. Rb7 Kc6 40. Ra7 Kb5 41. Rd7 Kc4 42. Kf2 Kd3 43. Ra7 g6 44. Ra3+ Kc2 45. Ra2+ Kb3 46. Ra7 Rd6 47. Rxf7 d3 48. Ke1 d2+ 49. Kd1 h5 50. f4 Rd5 51. Rf6 g5 52. fxg5 Rxg5 53. Kxd2 Kc4 54. Ke3 Rg4 55. Rf4+ Kd5 56. Rxg4 hxg4 57. Kf4 Ke6 58. Kxg4 Kf6 59. h4 Kg6 60. h5+ Kh6 61. Kh4 Kh7 62. g4 Kh6 63. g5+ Kh7 64. g6+ Kh6 65. Kg4 Kg7 66. Kg5 Kg8 67. h6 Kh8 68. g7+ Kh7 69. Kf6 Kg8 70. h7+ Kxh7 71. Kf7 Kh6 72. g8=Q Kh5 73. Kf6 Kh4 74. Kf5 Kh3 75. Kf4 Kh2 76. Kf3 Kh1 77. Qg2# 1-0

[Event "Montreal Mercredi 04"]
[Site "Montreal CAN"]
[Date "2007.04.25"]
[Round "4"]
[White "Gauthier, Luc"]
[Black "Sonn, Eric"]
[Result "1/2-1/2"]
[WhiteElo "1556"]
[BlackElo "1551"]
[PlyCount "133"]
[GameId "2160767910701427"]
[EventDate "2007.04.04"]
[EventType "swiss"]
[EventRounds "5"]
[EventCountry "CAN"]
[SourceTitle "EXT 2022"]
[Source "ChessBase"]
[SourceDate "2021.10.06"]
[SourceVersion "1"]
[SourceVersionDate "2021.10.06"]
[SourceQuality "1"]

1. e4 c5 2. Nc3 e6 3. f4 d5 4. Nf3 dxe4 5. Nxe4 Be7 6. Bb5+ Bd7 7. Bxd7+ Qxd7 8. d3 Nc6 9. Be3 b6 10. O-O Nf6 11. Qe2 O-O 12. Rad1 Qc7 13. c3 Nd5 14. g3 Nxe3 15. Qxe3 e5 16. f5 f6 17. Qe2 Rfd8 18. Nh4 Bf8 19. Qg4 Qf7 20. c4 Nb4 21. Ng6 Nxd3 22. b3 Rd4 23. Rf3 Rad8 24. Re3 Nb4 25. Rxd4 Rxd4 26. Qh5 Nc2 27. Re2 Rd1+ 28. Kg2 Nd4 29. Re3 Nxf5 30. Qxf5 Qxg6 31. Qe6+ Qf7 32. Qc8 h6 33. Rf3 Rd4 34. Nc3 Qd7 35. Qxd7 Rxd7 36. Nd5 Kf7 37. g4 Be7 38. h4 Ke6 39. Rd3 Bd8 40. Kf3 g6 41. h5 gxh5 42. gxh5 f5 43. Rd1 Bg5 44. Ke2 Rg7 45. Nc3 Rd7 46. Nd5 Rd6 47. Nc7+ Kd7 48. Rxd6+ Kxd6 49. Nb5+ Ke6 50. Nxa7 f4 51. Kf3 Kf5 52. Nc8 e4+ 53. Ke2 Bd8 54. Nd6+ Kg4 55. Nxe4 Kxh5 56. a3 Kg4 57. Kf2 Bh4+ 58. Kf1 Kf3 59. Nd6 h5 60. b4 cxb4 61. axb4 Be7 62. c5 bxc5 63. bxc5 h4 64. Nf5 Bxc5 65. Nxh4+ Kg3 66. Ng2 f3 67. Ne1 1/2-1/2

[Event "Montreal Mercredi 04"]
[Site "Montreal CAN"]
[Date "2007.04.25"]
[Round "4"]
[White "Katch, Gary"]
[Black "Blanchet, Robert"]
[Result "1-0"]
[WhiteElo "1741"]
[BlackElo "1701"]
[PlyCount "95"]
[GameId "2160767910701428"]
[EventDate "2007.04.04"]
[EventType "swiss"]
[EventRounds "5"]
[EventCountry "CAN"]
[SourceTitle "EXT 2022"]
[Source "ChessBase"]
[SourceDate "2021.10.06"]
[SourceVersion "1"]
[SourceVersionDate "2021.10.06"]
[SourceQuality "1"]

1. e4 c5 2. c3 Nf6 3. e5 Nd5 4. d4 e6 5. Nf3 Nc6 6. Bc4 Nb6 7. Bb3 d5 8. O-O Be7 9. Be3 Nd7 10. Re1 b6 11. Nbd2 Bb7 12. Nf1 Rc8 13. a3 c4 14. Bc2 Na5 15. N3d2 Nf8 16. f4 h5 17. Nf3 Nc6 18. Qe2 b5 19. N1d2 a5 20. f5 a4 21. Bf4 Rc7 22. Qe3 Bc8 23. f6 gxf6 24. exf6 Bxf6 25. Bxc7 Qxc7 26. Ne5 Nxe5 27. dxe5 Be7 28. Kh1 Nd7 29. Nf3 Qc5 30. Nd4 Qb6 31. Qf4 Nc5 32. Rad1 Bd7 33. Rf1 Rf8 34. Rf3 Kd8 35. Rdf1 Be8 36. Qh6 Qc7 37. Bg6 Qxe5 38. Bxf7 Rxf7 39. Rxf7 h4 40. Rxe7 Kxe7 41. Qxh4+ Kd7 42. Re1 Ne4 43. Nf3 Qf5 44. Kg1 e5 45. Rf1 Ke6 46. Nd4+ exd4 47. Rxf5 Kxf5 48. cxd4 1-0

[Event "Montreal Mercredi 04"]
[Site "Montreal CAN"]
[Date "2007.04.25"]
[Round "4"]
[White "Levesque, Philippe"]
[Black "Berthiaume, Yves"]
[Result "1/2-1/2"]
[WhiteElo "1377"]
[BlackElo "1344"]
[PlyCount "106"]
[GameId "2160767910701429"]
[EventDate "2007.04.04"]
[EventType "swiss"]
[EventRounds "5"]
[EventCountry "CAN"]
[SourceTitle "EXT 2022"]
[Source "ChessBase"]
[SourceDate "2021.10.06"]
[SourceVersion "1"]
[SourceVersionDate "2021.10.06"]
[SourceQuality "1"]

1. e4 e6 2. Nc3 d5 3. exd5 exd5 4. d4 Bb4 5. Bd2 Nf6 6. Nf3 Bf5 7. Be2 O-O 8. O-O c6 9. Qe1 Re8 10. Qd1 Nbd7 11. Re1 Qc7 12. g3 Re7 13. a3 Bd6 14. Bg5 h6 15. Be3 Rae8 16. Bd3 Bxd3 17. Qxd3 Nf8 18. Nh4 g6 19. Re2 Qd7 20. Bxh6 Qh3 21. Rxe7 Rxe7 22. Bg5 N8h7 23. Bxf6 Nxf6 24. Qf1 Qg4 25. Re1 Rxe1 26. Qxe1 Qxd4 27. Nf3 Qb6 28. b4 Qa6 29. Qc1 Kg7 30. h4 Qc4 31. Qe3 Ne4 32. Nxe4 Qxe4 33. Qxe4 dxe4 34. Ng5 f5 35. Kf1 Be5 36. c4 b5 37. cxb5 cxb5 38. Ne6+ Kf6 39. Nd8 Bb2 40. Nc6 a6 41. Nb8 Bxa3 42. Nxa6 Ke5 43. Nc7 Bxb4 44. Nxb5 Bc5 45. Ke2 Bd4 46. Na3 Kd5 47. Nc2 Kc4 48. Ne1 Kd5 49. Ng2 Be5 50. Ne3+ Kd4 51. Nc2+ Kc3 52. Ne3 Kd4 53. Ng2 Bd6 1/2-1/2

[Event "Montreal Mercredi 04"]
[Site "Montreal CAN"]
[Date "2007.04.25"]
[Round "4"]
[White "Matheson, Ben"]
[Black "Teasdale, Alain"]
[Result "0-1"]
[WhiteElo "1514"]
[BlackElo "1511"]
[PlyCount "70"]
[GameId "2160767910701430"]
[EventDate "2007.04.04"]
[EventType "swiss"]
[EventRounds "5"]
[EventCountry "CAN"]
[SourceTitle "EXT 2022"]
[Source "ChessBase"]
[SourceDate "2021.10.06"]
[SourceVersion "1"]
[SourceVersionDate "2021.10.06"]
[SourceQuality "1"]

1. e4 c5 2. Nc3 d6 3. g3 Nc6 4. Bg2 g6 5. f4 Bg7 6. Nf3 e5 7. d3 Nge7 8. O-O f5 9. fxe5 dxe5 10. Bg5 h6 11. Bxe7 Nxe7 12. exf5 gxf5 13. Kh1 O-O 14. Qe2 Ng6 15. Na4 Qa5 16. Nc3 Qc7 17. Nd5 Qd6 18. c4 Be6 19. Nh4 Nxh4 20. gxh4 Rae8 21. Rg1 b5 22. Rae1 bxc4 23. dxc4 e4 24. Rd1 Qe5 25. Bh3 Kh8 26. b3 f4 27. Bxe6 Rxe6 28. Qg4 h5 29. Qg5 Qxg5 30. hxg5 e3 31. Rde1 Bd4 32. Rgf1 f3 33. Nf6 Bc3 34. Nd7 Rf5 35. g6 Bxe1 0-1

[Event "Montreal Mercredi 04"]
[Site "Montreal CAN"]
[Date "2007.04.25"]
[Round "4"]
[White "Messier, Samuel"]
[Black "Beladel, Brahim"]
[Result "0-1"]
[WhiteElo "1658"]
[BlackElo "1662"]
[PlyCount "58"]
[GameId "2160767910701431"]
[EventDate "2007.04.04"]
[EventType "swiss"]
[EventRounds "5"]
[EventCountry "CAN"]
[SourceTitle "EXT 2022"]
[Source "ChessBase"]
[SourceDate "2021.10.06"]
[SourceVersion "1"]
[SourceVersionDate "2021.10.06"]
[SourceQuality "1"]

1. e4 d6 2. d4 Nf6 3. Nc3 g6 4. f3 Bg7 5. Be3 O-O 6. Qd2 Re8 7. Bh6 Bh8 8. O-O-O c6 9. g4 b5 10. h4 b4 11. Nce2 Qa5 12. Kb1 Be6 13. a3 c5 14. Nf4 Bxg4 15. axb4 cxb4 16. Bd3 Bh5 17. e5 dxe5 18. Nxh5 Nxh5 19. Nh3 Nd7 20. Rhg1 Nb6 21. Rg5 Nd5 22. Bc4 Nc3+ 23. bxc3 bxc3 24. Rxg6+ hxg6 25. Qg5 Rab8+ 26. Bb3 Rxb3+ 27. cxb3 Qa3 28. Qg2 Qxb3+ 29. Kc1 Qa3+ 0-1

[Event "Montreal Mercredi 04"]
[Site "Montreal CAN"]
[Date "2007.04.25"]
[Round "4"]
[White "Neumark-Gaudet, Zev"]
[Black "Chesnut, Walter"]
[Result "0-1"]
[WhiteElo "1480"]
[BlackElo "1488"]
[PlyCount "84"]
[GameId "2160767910701432"]
[EventDate "2007.04.04"]
[EventType "swiss"]
[EventRounds "5"]
[EventCountry "CAN"]
[SourceTitle "EXT 2022"]
[Source "ChessBase"]
[SourceDate "2021.10.06"]
[SourceVersion "1"]
[SourceVersionDate "2021.10.06"]
[SourceQuality "1"]

1. d4 d5 2. c4 c6 3. Nc3 Nf6 4. Nf3 Bf5 5. Bg5 e6 6. e3 Bd6 7. c5 Be7 8. b4 Nbd7 9. b5 O-O 10. a4 h6 11. Bh4 Ne4 12. Nxe4 Bxe4 13. Bg3 Bf6 14. Be2 Nxc5 15. dxc5 Bxa1 16. Qxa1 Qa5+ 17. Kf1 cxb5 18. Bxb5 a6 19. Be2 Qxc5 20. Be5 f6 21. Bd4 Qc2 22. Ne1 Qb1 23. Qxb1 Bxb1 24. a5 Rac8 25. f3 Rc1 26. Kf2 Ba2 27. Rg1 Bc4 28. Nd3 Rc2 29. Rd1 e5 30. Bb6 e4 31. Nc1 Rc8 32. Kf1 Rxc1 33. Rxc1 Bxe2+ 34. Kxe2 exf3+ 35. Kxf3 Rxc1 36. h3 h5 37. g3 g5 38. Bd8 Kf7 39. h4 g4+ 40. Ke2 Rc3 41. Bb6 Ke6 42. Kd2 Ra3 0-1

[Event "Montreal Mercredi 04"]
[Site "Montreal CAN"]
[Date "2007.04.25"]
[Round "4"]
[White "Pregent, Daniel"]
[Black "Lalonde, Paul"]
[Result "0-1"]
[WhiteElo "1819"]
[BlackElo "1814"]
[PlyCount "80"]
[GameId "2160767910701434"]
[EventDate "2007.04.04"]
[EventType "swiss"]
[EventRounds "5"]
[EventCountry "CAN"]
[SourceTitle "EXT 2022"]
[Source "ChessBase"]
[SourceDate "2021.10.06"]
[SourceVersion "1"]
[SourceVersionDate "2021.10.06"]
[SourceQuality "1"]

1. d4 Nf6 2. Nf3 g6 3. c4 Bg7 4. Nc3 d5 5. e3 O-O 6. Be2 a6 7. O-O b6 8. b3 Bb7 9. Bb2 Nbd7 10. Qc2 c5 11. Rfd1 cxd4 12. exd4 Rc8 13. Rac1 Qc7 14. Qd3 dxc4 15. bxc4 Rfd8 16. h3 Nc5 17. Qb1 Nce4 18. d5 Qf4 19. Nxe4 Qxe4 20. Bd3 Qf4 21. Be5 Qh6 22. Qb2 Nd7 23. Bxg7 Qxg7 24. Qe2 Nc5 25. Bb1 Qf6 26. Re1 e6 27. Ne5 exd5 28. Ng4 Qg5 29. cxd5 Bxd5 30. f4 Qxf4 31. Rf1 Qg5 32. Nf6+ Kg7 33. Qb2 Qe3+ 34. Kh1 Qxh3+ 35. Kg1 Qxg2+ 36. Qxg2 Bxg2 37. Kxg2 Rd2+ 38. Kh3 Rcd8 39. Rce1 Ne6 40. Nxh7 Rh8 0-1

[Event "Montreal Mercredi 04"]
[Site "Montreal CAN"]
[Date "2007.04.25"]
[Round "4"]
[White "Rohani, Farzan"]
[Black "Daoud, Michel"]
[Result "1-0"]
[WhiteElo "1430"]
[BlackElo "1422"]
[PlyCount "115"]
[GameId "2160767910701435"]
[EventDate "2007.04.04"]
[EventType "swiss"]
[EventRounds "5"]
[EventCountry "CAN"]
[SourceTitle "EXT 2022"]
[Source "ChessBase"]
[SourceDate "2021.10.06"]
[SourceVersion "1"]
[SourceVersionDate "2021.10.06"]
[SourceQuality "1"]

1. e4 c5 2. Nf3 Nc6 3. Bb5 a6 4. Bxc6 dxc6 5. O-O Bg4 6. Re1 e6 7. d3 Be7 8. Be3 Nf6 9. Nbd2 O-O 10. Nc4 Nd7 11. d4 b5 12. Nce5 Nxe5 13. dxe5 Qc7 14. h3 Bxf3 15. Qxf3 Qxe5 16. c3 Bd6 17. g3 g5 18. Qg4 h6 19. h4 f5 20. Qh5 f4 21. Qg6+ Qg7 22. Qxe6+ Kh8 23. Qxd6 fxe3 24. Rxe3 Qf6 25. Qxf6+ Rxf6 26. hxg5 hxg5 27. Kg2 Rd8 28. Rf3 Kg7 29. Rxf6 Kxf6 30. Kf3 Rd2 31. Rb1 c4 32. Ke3 Rd3+ 33. Ke2 Ke5 34. f3 g4 35. Rf1 gxf3+ 36. Rxf3 Kxe4 37. Rf4+ Ke5 38. Rf3 Rxf3 39. Kxf3 c5 40. g4 a5 41. Kg3 a4 42. a3 b4 43. g5 Kf5 44. Kh4 Kg6 45. Kg4 Kg7 46. Kh5 Kh8 47. g6 Kg8 48. Kh6 bxa3 49. bxa3 Kh8 50. g7+ Kg8 51. Kg5 Kxg7 52. Kf5 Kh6 53. Ke5 Kg5 54. Kd5 Kf4 55. Kxc5 Ke3 56. Kxc4 Kd2 57. Kb4 Kd3 58. c4 1-0

[Event "Montreal Mercredi 04"]
[Site "Montreal CAN"]
[Date "2007.04.25"]
[Round "4"]
[White "Savard, Alain"]
[Black "Cote, Philippe"]
[Result "1-0"]
[WhiteElo "1659"]
[BlackElo "1617"]
[PlyCount "73"]
[GameId "2160767910701436"]
[EventDate "2007.04.04"]
[EventType "swiss"]
[EventRounds "5"]
[EventCountry "CAN"]
[SourceTitle "EXT 2022"]
[Source "ChessBase"]
[SourceDate "2021.10.06"]
[SourceVersion "1"]
[SourceVersionDate "2021.10.06"]
[SourceQuality "1"]

1. d4 Nf6 2. Nf3 g6 3. g3 Bg7 4. Bg2 O-O 5. O-O d6 6. Re1 Nbd7 7. b3 c5 8. e3 Rb8 9. a4 Qc7 10. Bb2 c4 11. bxc4 Qxc4 12. Nbd2 Qb4 13. Ba3 Qc3 14. Bf1 Qc7 15. e4 Re8 16. Rb1 e5 17. Nc4 Bf8 18. dxe5 Nxe5 19. Nfxe5 dxe5 20. Bxf8 Rxf8 21. Rb5 Be6 22. Qd6 Qxd6 23. Nxd6 Ne8 24. Nxb7 a6 25. Rb4 Nd6 26. Bxa6 Nxb7 27. Bxb7 Rfc8 28. Bxc8 Rxb4 29. Bxe6 fxe6 30. Ra1 Rxe4 31. a5 Rc4 32. a6 Rc8 33. a7 Ra8 34. Kf1 Kf7 35. Ke2 Ke7 36. Ke3 Kd6 37. Ke4 1-0

[Event "Montreal Mercredi 04"]
[Site "Montreal CAN"]
[Date "2007.04.26"]
[Round "5"]
[White "Cote, Philippe"]
[Black "Gauthier, Luc"]
[Result "1-0"]
[WhiteElo "1617"]
[BlackElo "1556"]
[PlyCount "63"]
[GameId "2160767910701437"]
[EventDate "2007.04.04"]
[EventType "swiss"]
[EventRounds "5"]
[EventCountry "CAN"]
[SourceTitle "EXT 2022"]
[Source "ChessBase"]
[SourceDate "2021.10.06"]
[SourceVersion "1"]
[SourceVersionDate "2021.10.06"]
[SourceQuality "1"]

1. e4 Nf6 2. e5 Nd5 3. c4 Nb6 4. c5 Nd5 5. Nc3 e6 6. Qg4 Nc6 7. Nf3 h5 8. Qc4 Nxc3 9. dxc3 d5 10. cxd6 cxd6 11. Bg5 Be7 12. Bxe7 Qxe7 13. exd6 Qxd6 14. Rd1 Qe7 15. h4 Bd7 16. Be2 a6 17. Ng5 Rc8 18. Ne4 O-O 19. Bxh5 Ne5 20. Qd4 f6 21. Nd6 Rc7 22. f4 Nc6 23. Qd3 e5 24. O-O exf4 25. Qf3 Qe3+ 26. Qxe3 fxe3 27. Rfe1 Ne5 28. Rxe3 Bc6 29. Rg3 Rd7 30. Nf5 Rxd1+ 31. Bxd1 Rf7 32. Bb3 1-0

[Event "Montreal Mercredi 04"]
[Site "Montreal CAN"]
[Date "2007.05.02"]
[Round "5"]
[White "Beladel, Brahim"]
[Black "Savard, Alain"]
[Result "0-1"]
[WhiteElo "1662"]
[BlackElo "1659"]
[PlyCount "86"]
[GameId "2160767910701438"]
[EventDate "2007.04.04"]
[EventType "swiss"]
[EventRounds "5"]
[EventCountry "CAN"]
[SourceTitle "EXT 2022"]
[Source "ChessBase"]
[SourceDate "2021.10.06"]
[SourceVersion "1"]
[SourceVersionDate "2021.10.06"]
[SourceQuality "1"]

1. e4 e6 2. d4 d5 3. Nc3 Nf6 4. Bg5 Be7 5. Bxf6 Bxf6 6. e5 Be7 7. Qg4 O-O 8. h4 f5 9. Qh5 Bd7 10. Nge2 Be8 11. Qf3 Nc6 12. O-O-O Bxh4 13. Kb1 Bg5 14. Nf4 Bxf4 15. Qxf4 g5 16. Qh2 Bg6 17. Be2 Qe7 18. Bh5 Qf7 19. Bxg6 Qxg6 20. Rd3 Rae8 21. Rh3 Re7 22. Rh6 Qg7 23. Ne2 f4 24. f3 Rff7 25. Qh3 Nd8 26. Qg4 Rf5 27. Rxh7 Qxh7 28. Rxh7 Rxh7 29. g3 Rh1+ 30. Nc1 Rg1 31. Qh5 Rxg3 32. b3 Rf7 33. Nd3 Kf8 34. Nc5 b6 35. Nd3 Kg7 36. Nf2 Rf8 37. Ng4 Nf7 38. Qh1 Rh8 39. Qf1 Rhh3 40. Qb5 Rxg4 41. fxg4 Rh1+ 42. Kb2 f3 43. Qd3 f2 0-1